Biblical Figures A - Z - Statistics

General Stats
  • This quiz has been taken 281 times
    192 since last reset
  • The average score is 14 of 25
Answer Stats
Letter Hint Answer % Correct
A The first human Adam
99%
D Killed the giant Golliath with his sling David
97%
J Christ Jesus
96%
C Committed the first murder Cain
94%
N Last of the pre-flood Patriarchs, builder of an ark Noah
89%
G Archangel Gabriel
86%
I The only son Abraham had with his wife Sarah Isaac
86%
M Led the Exodus of the Israelites out of Egypt Moses
84%
L His wife became a pillar of salt Lot
77%
H Ruler of Galilee and Perea who ordered the execution of John the Baptist Herod Antipas
73%
P Formerly known as Simon, he was the first bishop of Rome Peter
72%
T He doubted Jesus' resurrection when first told Thomas
62%
S The first king of the Kingdom of Israel Saul
59%
R The favorite wife of Biblical patriarch Jacob Rachel
52%
Y Variation of Joseph Yosef
48%
X Persian emperor mentioned in the Book of Esther Xerxes
45%
B One of the twelve apostles Bartholomew
41%
E He prophesied the destruction of Jerusalem and its temple Ezequiel
32%
U Husband of Bathsheba and was murdered by order of King David Uriah the Hittite
31%
O Like his older brother, Er, he was slain by God Onan
18%
K Wife and concubine of the Biblical patriarch Abraham Keturah
12%
V First wife of Persian King Ahasuerus in the Book of Esther Vashti
10%
Z The last king of Judah before the destruction of the kingdom by Babylon Zedekiah
8%
F Governor of Judea who was present at the trial of Paul Felix
7%
Q One of the Seventy Disciples, he was Bishop of Beirut Quartus of Berytus
2%
No matching quizzes found
Score Distribution
Percent of People with Each Score
Percentile by Number Answered
Your Score History
You have not taken this quiz since the last reset